| 000 | 00546nam a2200193Ia 4500 | ||
|---|---|---|---|
| 008 | 220216s9999 xx 000 0 und d | ||
| 100 | _aTiwari M. | ||
| 245 | 0 | _aComparative study of plasma-thiophene and acetylene coated silica in SBR and EPDM reinforcement | |
| 260 |
_bRubber Chemistry and Technology _c2009 |
||
| 300 | _a473-491 | ||
| 650 | _aEPDM reinforcement | ||
| 650 | _aSBR | ||
| 700 | _aDatta R.N. | ||
| 700 | _aDierkes W.K. | ||
| 700 | _aNoordermeer J.W.MM. | ||
| 700 | _aOoij W.J.van | ||
| 700 | _aTalma A.G. | ||
| 942 | _cJS | ||
| 999 |
_c55958 _d55958 |
||